Score 0/39 Timer 04:00
0 Plays Today
Hint 4-Letter Word % Correct
AdorableCUTE
98.4%
Apple centerCORE
98%
RemedyCURE
97.2%
Strike with an open handSLAP
96.7%
Narrow opening for coinsSLOT
96.3%
Pig nourishmentSLOP
94.9%
❅ Slices, lacerates ❅CUTS
94.7%
Organize by categorySORT
94.6%
❅ Achy, in pain ❅SORE
94.6%
Fireplace dustSOOT
94.4%
China's Great oneWALL
94%
Barking aquatic mammalSEAL
93.2%
❅ Initiate phone conversation ❅CALL
91.9%
❅ Donald, Daisy, or Howard ❅DUCK
91.9%
Deep water sourceWELL
91.3%
Exchange goods for cashSELL
91.2%
Fabric junctureSEAM
89.7%
Provide nutritionFEED
89.7%
Having no more roomFULL
89%
❅ Twelve-inch segments ❅FEET
88.9%
Hint 4-Letter Word % Correct
Chef, food preparerCOOK
88.7%
❅ Rooster ❅COCK
88.4%
Boat mooring structureDOCK
87.6%
Bird billBEAK
87.2%
Tennis' Grand oneSLAM
85.2%
Selective slaughterCULL
84.9%
Necklace constituentBEAD
83.8%
❅ Cabbage or lettuce unit ❅HEAD
83.2%
Pay attention, take notice HEED
81.4%
Knock or cut downFELL
80.3%
Pressed wool clothFELT
80.2%
25th century spaceman RogersBUCK
79%
'Loser' songwriter HansenBECK
75.5%
Indianapolis NFL athleteCOLT
65.7%
Dark, rail-like swimming birdCOOT
65.6%
❅ Sharp, cracking sound ❅SNAP
61.9%
Smelting wasteSLAG
58.2%
Unexpected problem or difficultySNAG
51.9%
❅❅ COMMON BOND ❅❅COLD
40.3%

Today's Daily Dose

Missing Word
Marvin Gaye Songs

Quick Pick
Movies of 2019

Get the Picture
Chinese Cities

You're not logged in!

Compare scores with friends on all Sporcle quizzes.
OR
Log In

Sporcle TV

Today on Sporcle TV


Watch our educational content, quiz creation guides, and fun videos on Sporcle TV.

Show Comments

Extras

Top Quizzes Today


Score Distribution

Your Account Isn't Verified!

In order to create a playlist on Sporcle, you need to verify the email address you used during registration. Go to your Sporcle Settings to finish the process.

Report this User

Report this user for behavior that violates our Community Guidelines.

Details: